000
00317nam a22001337a 4500
008
180216b xxu||||| |||| 00| 0 eng d
020
_a
0443080070
041
_a
eng
080
_a
616.34
100
_a
9
101
_a
gas
245
_a
drug treatment of gastrointestinal disorders
_c
norton.j.g
942
_2
udc
_c
BK
999
_c
42752
_d
42752